Diagnosis of mineral deficiencies in plants by visual symptoms: A colour atlas and guide. (Record no. 19552)

MARC details
000 -LEADER
fixed length control field 00376nam a2200121Ia 4500
082 ## - DEWEY DECIMAL CLASSIFICATION NUMBER
Classification number 631.81.095.338
Item number WAL
100 ## - MAIN ENTRY--AUTHOR NAME
Personal name WALLACE, T
245 #0 - TITLE STATEMENT
Title Diagnosis of mineral deficiencies in plants by visual symptoms: A colour atlas and guide.
260 ## - PUBLICATION, DISTRIBUTION, ETC. (IMPRINT)
Place of publication London
Name of publisher HMSO
Year of publication 1951
650 ## - SUBJECT ADDED ENTRY--TOPICAL TERM
Topical Term Mineral deficiency diagnosis
942 ## - ADDED ENTRY ELEMENTS (KOHA)
Koha item type Books
Holdings
Withdrawn status Lost status Damaged status Not for loan Home library Current library Date acquired Full call number Accession Number Koha item type
        RRII Library RRII Library 16/12/2021 631.81.095.338 WAL 00286 Books